<?xml version="1.0" encoding="UTF-8"?>
<collection xmlns="http://www.loc.gov/MARC21/slim">
 <record>
  <leader>01559nam a2200229Ia 4500</leader>
  <controlfield tag="001">CTU_174777</controlfield>
  <controlfield tag="008">210402s9999    xx            000 0 und d</controlfield>
  <datafield tag="020" ind1=" " ind2=" ">
   <subfield code="c">3000000</subfield>
  </datafield>
  <datafield tag="082" ind1=" " ind2=" ">
   <subfield code="a">150</subfield>
  </datafield>
  <datafield tag="082" ind1=" " ind2=" ">
   <subfield code="b">L183</subfield>
  </datafield>
  <datafield tag="100" ind1=" " ind2=" ">
   <subfield code="a">Lahey, Benjamin B.</subfield>
  </datafield>
  <datafield tag="245" ind1=" " ind2="0">
   <subfield code="a">Practice tests for use with Psychology :</subfield>
  </datafield>
  <datafield tag="245" ind1=" " ind2="3">
   <subfield code="b">An introduction</subfield>
  </datafield>
  <datafield tag="245" ind1=" " ind2="0">
   <subfield code="c">Benjamin B. Lahey ; prepared by R. Eric Landrum</subfield>
  </datafield>
  <datafield tag="260" ind1=" " ind2=" ">
   <subfield code="a">Boston, MA</subfield>
  </datafield>
  <datafield tag="260" ind1=" " ind2=" ">
   <subfield code="b">McGraw-Hill</subfield>
  </datafield>
  <datafield tag="260" ind1=" " ind2=" ">
   <subfield code="c">2009</subfield>
  </datafield>
  <datafield tag="520" ind1=" " ind2=" ">
   <subfield code="a">A contemporary take on a time tested classic. Students will master the central concepts of psychology with the new 10th edition of Psychology from Benjamin Lahey. A new chapter on the Interplay of Nature and Nurture highlights the 10th edition’s new organization and streamlined content . Lahey weaves scholarship based on empirical research throughout the text, ensuring an accurate portrait of contemporary psychology. The text’s student-friendly writing, new chapter openers, and fresh applications make the material more relevant to students than ever before, and the proven learning system ensures that all students will grasp the concepts presented in the book. Lahey’s hallmark emphasis on diversity and culture remains integrated throughout the text, making this the text for a well rounded introduction to all areas of psychology.</subfield>
  </datafield>
  <datafield tag="650" ind1=" " ind2=" ">
   <subfield code="a">Psychology,Tâm lý học</subfield>
  </datafield>
  <datafield tag="904" ind1=" " ind2=" ">
   <subfield code="i">Trọng Hiếu</subfield>
  </datafield>
  <datafield tag="910" ind1=" " ind2=" ">
   <subfield code="a">Sách có sách và đĩa kèm theo: AV.000678, AV.005127 , AV.005126, SUPPL.000128</subfield>
  </datafield>
  <datafield tag="980" ind1=" " ind2=" ">
   <subfield code="a">Trung tâm Học liệu Trường Đại học Cần Thơ</subfield>
  </datafield>
 </record>
</collection>
